2018 MLS Cup Playoffs - Statistics

General Stats
  • This quiz has been taken 114 times
  • The average score is 9 of 12
Answers on the Map
Answers color-coded by a green-red scale on the quiz's map according to % correct below.
 
Answer Stats
Team % Correct
New York Red Bulls
86%
Atlanta United
83%
Los Angeles FC
83%
Seattle Sounders FC
83%
New York City FC
81%
Portland Timbers
79%
Columbus Crew SC
71%
FC Dallas
68%
Real Salt Lake
68%
D.C. United
67%
Philadelphia Union
63%
Sporting Kansas City
62%
No matching quizzes found
Score Distribution
Percent of People with Each Score
Percentile by Number Answered
Your Score History
You have not taken this quiz